Wunderhorse Songs (21/12/24) - Statistics

General Stats
  • This quiz has been taken 225 times
  • The average score is 16 of 21
Answer Stats
Answer % Correct
Midas
98%
Teal
98%
Purple
93%
Leader Of The Pack
88%
Silver
86%
Girl
85%
Arizona
82%
Rain
81%
Emily
80%
Girl Behind The Glass
78%
July
78%
Aeroplane
77%
Butterflies
76%
17
72%
Epilogue
72%
Atlantis
71%
Cathedrals
68%
Morphine
68%
Superman
67%
Mantis
62%
Poppy
58%
No matching quizzes found
Score Distribution
Percent of People with Each Score
Percentile by Number Answered
Your Score History
You have not taken this quiz